| 000 | 00342cam a22001217a 4500 | ||
|---|---|---|---|
| 008 | 180718b1960 xxu||||| |||| 00| 0 eng d | ||
| 082 | _aI5 B735 | ||
| 100 | _aBranton, Noel | ||
| 245 |
_aIntroduction to the theory and practice of mangement _cby Noel Branton |
||
| 260 |
_aLondon _bChatto & Windus _c1960 |
||
| 300 | _a186p | ||
| 650 | _aMangement | ||
| 999 |
_c427816 _d427816 |
||